| 000 | 00451cam a22001932a 4500 | ||
|---|---|---|---|
| 001 | 024322 | ||
| 003 | AR-FADEU | ||
| 008 | 311216n1958####xxu####################dd | ||
| 092 |
_a823.914 _bC555po |
||
| 100 | _aChristie, Agatha | ||
| 245 | _aA pocket full of rye | ||
| 260 | _aLondon | ||
| 260 | _bFontana Collins | ||
| 260 | _c1958 | ||
| 300 | _a188 p | ||
| 650 | _aLITERATURA INGLESA-SIGLO XX; NOVELA | ||
| 546 | _aInglés | ||
| 942 | _cBDGR | ||
| 999 |
_c30011 _d30011 |
||